<?xml version="1.0" encoding="UTF-8"?>
<collection xmlns="http://www.loc.gov/MARC21/slim">
 <record>
  <leader>03000cam a2200601   4500</leader>
  <controlfield tag="001">1119128773</controlfield>
  <controlfield tag="003">DE-627</controlfield>
  <controlfield tag="005">20220516121403.0</controlfield>
  <controlfield tag="007">tu</controlfield>
  <controlfield tag="008">951124s1937    xx |||||      00| ||dut c</controlfield>
  <datafield tag="035" ind1=" " ind2=" ">
   <subfield code="a">(DE-627)1119128773</subfield>
  </datafield>
  <datafield tag="035" ind1=" " ind2=" ">
   <subfield code="a">(DE-576)049128779</subfield>
  </datafield>
  <datafield tag="035" ind1=" " ind2=" ">
   <subfield code="a">(DE-599)BSZ049128779</subfield>
  </datafield>
  <datafield tag="035" ind1=" " ind2=" ">
   <subfield code="a">(OCoLC)174559685</subfield>
  </datafield>
  <datafield tag="035" ind1=" " ind2=" ">
   <subfield code="a">(OCoLC)174559685</subfield>
  </datafield>
  <datafield tag="040" ind1=" " ind2=" ">
   <subfield code="a">DE-627</subfield>
   <subfield code="b">ger</subfield>
   <subfield code="c">DE-627</subfield>
   <subfield code="e">rakwb</subfield>
  </datafield>
  <datafield tag="041" ind1=" " ind2=" ">
   <subfield code="a">dut</subfield>
  </datafield>
  <datafield tag="100" ind1="1" ind2=" ">
   <subfield code="a">Maeyer, Robert de</subfield>
   <subfield code="d">1903-1978</subfield>
   <subfield code="0">(DE-588)1055251375</subfield>
   <subfield code="0">(DE-627)793342112</subfield>
   <subfield code="0">(DE-576)411738305</subfield>
   <subfield code="4">aut</subfield>
  </datafield>
  <datafield tag="245" ind1="1" ind2="3">
   <subfield code="a">De romeinsche Villa's in Belgie</subfield>
   <subfield code="b">een archeologische Studie</subfield>
   <subfield code="c">R. DeMaeyer</subfield>
  </datafield>
  <datafield tag="264" ind1=" " ind2="1">
   <subfield code="a">Antwerpen</subfield>
   <subfield code="b">Sikkel</subfield>
   <subfield code="c">1937</subfield>
  </datafield>
  <datafield tag="300" ind1=" " ind2=" ">
   <subfield code="a">331 S., 2 Faltkt.</subfield>
  </datafield>
  <datafield tag="336" ind1=" " ind2=" ">
   <subfield code="a">Text</subfield>
   <subfield code="b">txt</subfield>
   <subfield code="2">rdacontent</subfield>
  </datafield>
  <datafield tag="337" ind1=" " ind2=" ">
   <subfield code="a">ohne Hilfsmittel zu benutzen</subfield>
   <subfield code="b">n</subfield>
   <subfield code="2">rdamedia</subfield>
  </datafield>
  <datafield tag="338" ind1=" " ind2=" ">
   <subfield code="a">Band</subfield>
   <subfield code="b">nc</subfield>
   <subfield code="2">rdacarrier</subfield>
  </datafield>
  <datafield tag="490" ind1="1" ind2=" ">
   <subfield code="a">Werken / Faculteit van de Wijsbegeerte en Letteren, Rijksuniversiteit te Gent</subfield>
   <subfield code="v">82</subfield>
  </datafield>
  <datafield tag="650" ind1=" " ind2="4">
   <subfield code="a">Rognée</subfield>
  </datafield>
  <datafield tag="689" ind1="0" ind2="0">
   <subfield code="d">g</subfield>
   <subfield code="0">(DE-588)4005406-8</subfield>
   <subfield code="0">(DE-627)106381814</subfield>
   <subfield code="0">(DE-576)208860592</subfield>
   <subfield code="a">Belgien</subfield>
   <subfield code="2">gnd</subfield>
  </datafield>
  <datafield tag="689" ind1="0" ind2="1">
   <subfield code="d">s</subfield>
   <subfield code="0">(DE-588)4063532-6</subfield>
   <subfield code="0">(DE-627)104306416</subfield>
   <subfield code="0">(DE-576)209149094</subfield>
   <subfield code="a">Villa</subfield>
   <subfield code="2">gnd</subfield>
  </datafield>
  <datafield tag="689" ind1="0" ind2="2">
   <subfield code="d">s</subfield>
   <subfield code="0">(DE-588)4076769-3</subfield>
   <subfield code="0">(DE-627)104826169</subfield>
   <subfield code="0">(DE-576)209202866</subfield>
   <subfield code="a">Römerzeit</subfield>
   <subfield code="2">gnd</subfield>
  </datafield>
  <datafield tag="689" ind1="0" ind2="3">
   <subfield code="d">s</subfield>
   <subfield code="0">(DE-588)4002827-6</subfield>
   <subfield code="0">(DE-627)104459425</subfield>
   <subfield code="0">(DE-576)208848878</subfield>
   <subfield code="a">Archäologie</subfield>
   <subfield code="2">gnd</subfield>
  </datafield>
  <datafield tag="689" ind1="0" ind2="4">
   <subfield code="d">s</subfield>
   <subfield code="0">(DE-588)4540680-7</subfield>
   <subfield code="0">(DE-627)268539618</subfield>
   <subfield code="0">(DE-576)213505886</subfield>
   <subfield code="a">Provinzialrömische Archäologie</subfield>
   <subfield code="2">gnd</subfield>
  </datafield>
  <datafield tag="689" ind1="0" ind2="5">
   <subfield code="d">s</subfield>
   <subfield code="0">(DE-588)4205819-3</subfield>
   <subfield code="0">(DE-627)10513273X</subfield>
   <subfield code="0">(DE-576)210171235</subfield>
   <subfield code="a">Villa rustica</subfield>
   <subfield code="2">gnd</subfield>
  </datafield>
  <datafield tag="689" ind1="0" ind2="6">
   <subfield code="d">g</subfield>
   <subfield code="0">(DE-588)4597334-9</subfield>
   <subfield code="0">(DE-627)705683389</subfield>
   <subfield code="0">(DE-576)214099466</subfield>
   <subfield code="a">Jemelle</subfield>
   <subfield code="2">gnd</subfield>
  </datafield>
  <datafield tag="689" ind1="0" ind2="7">
   <subfield code="d">g</subfield>
   <subfield code="0">(DE-588)4119656-9</subfield>
   <subfield code="0">(DE-627)105782378</subfield>
   <subfield code="0">(DE-576)209528494</subfield>
   <subfield code="a">Tongern</subfield>
   <subfield code="2">gnd</subfield>
  </datafield>
  <datafield tag="689" ind1="0" ind2="8">
   <subfield code="d">s</subfield>
   <subfield code="0">(DE-588)4078951-2</subfield>
   <subfield code="0">(DE-627)10607590X</subfield>
   <subfield code="0">(DE-576)209210567</subfield>
   <subfield code="a">Vor- und Frühgeschichte</subfield>
   <subfield code="2">gnd</subfield>
  </datafield>
  <datafield tag="689" ind1="0" ind2="9">
   <subfield code="d">s</subfield>
   <subfield code="0">(DE-588)4002827-6</subfield>
   <subfield code="0">(DE-627)104459425</subfield>
   <subfield code="0">(DE-576)208848878</subfield>
   <subfield code="a">Archäologie</subfield>
   <subfield code="2">gnd</subfield>
  </datafield>
  <datafield tag="689" ind1="0" ind2=" ">
   <subfield code="5">(DE-627)</subfield>
  </datafield>
  <datafield tag="787" ind1="0" ind2="8">
   <subfield code="i">Rezensiert in</subfield>
   <subfield code="a">Koethe, Harald, 1904 - 1944</subfield>
   <subfield code="t">[Rezension von: Robert de Maeyer, De Romeinsche Villa's in Belgie, een archeologische Studie]</subfield>
   <subfield code="d">1937</subfield>
   <subfield code="w">(DE-627)1702952738</subfield>
  </datafield>
  <datafield tag="787" ind1="0" ind2="8">
   <subfield code="i">Rezensiert in</subfield>
   <subfield code="a">Schleiermacher, Wilhelm, 1904 - 1977</subfield>
   <subfield code="t">[Rezension von: R. de Maeyer, De Romeinsche Villa’s in België - R. de Maeyer, De Overblijfselen der Romeinsche Villa’s in België]</subfield>
   <subfield code="d">Frankfurt, M. : Henrich-Ed., 1943</subfield>
   <subfield code="w">(DE-627)1570186766</subfield>
   <subfield code="w">(DE-576)500186766</subfield>
  </datafield>
  <datafield tag="810" ind1="2" ind2=" ">
   <subfield code="a">Rijksuniversiteit Gent</subfield>
   <subfield code="b">Faculteit van de Wijsbegeerte en Letteren</subfield>
   <subfield code="t">Werken / Faculteit van de Wijsbegeerte en Letteren, Rijksuniversiteit te Gent</subfield>
   <subfield code="v">82</subfield>
   <subfield code="9">82</subfield>
   <subfield code="w">(DE-627)130535508</subfield>
   <subfield code="w">(DE-576)038863316</subfield>
   <subfield code="w">(DE-600)777318-3</subfield>
   <subfield code="7">ns</subfield>
  </datafield>
  <datafield tag="951" ind1=" " ind2=" ">
   <subfield code="a">BO</subfield>
  </datafield>
  <datafield tag="990" ind1=" " ind2=" ">
   <subfield code="a">Belgien</subfield>
  </datafield>
  <datafield tag="990" ind1=" " ind2=" ">
   <subfield code="a">Villa</subfield>
  </datafield>
  <datafield tag="990" ind1=" " ind2=" ">
   <subfield code="a">Römerzeit</subfield>
  </datafield>
  <datafield tag="990" ind1=" " ind2=" ">
   <subfield code="a">Archäologie</subfield>
  </datafield>
  <datafield tag="990" ind1=" " ind2=" ">
   <subfield code="a">Provinzialrömische Archäologie</subfield>
  </datafield>
  <datafield tag="990" ind1=" " ind2=" ">
   <subfield code="a">Villa rustica</subfield>
  </datafield>
  <datafield tag="990" ind1=" " ind2=" ">
   <subfield code="a">Jemelle</subfield>
  </datafield>
  <datafield tag="990" ind1=" " ind2=" ">
   <subfield code="a">Tongern</subfield>
  </datafield>
  <datafield tag="990" ind1=" " ind2=" ">
   <subfield code="a">Vor- und Frühgeschichte</subfield>
  </datafield>
  <datafield tag="990" ind1=" " ind2=" ">
   <subfield code="a">Archäologie</subfield>
  </datafield>
  <datafield tag="991" ind1=" " ind2=" ">
   <subfield code="a">Rezensiertes Werk</subfield>
  </datafield>
  <datafield tag="999" ind1=" " ind2=" ">
   <subfield code="a">KXP-PPN1119128773</subfield>
   <subfield code="e">4547332479</subfield>
  </datafield>
 </record>
</collection>
